| 000 | 00803nam a2200241 a 4500 | ||
|---|---|---|---|
| 001 | BRCA_4724 | ||
| 005 | 20190320204759.0 | ||
| 008 | 740213s1959####sz-a#####b---#000-0beng-# | ||
| 041 | _aeng | ||
| 044 | _asz | ||
| 050 | 4 |
_aND553 _b.R65 1959 |
|
| 100 | 1 |
_aRouart, Denis _911972 |
|
| 245 | 1 | 0 |
_aRenoir _cbiographical and critical study by Denis Rouart ; translated by James Emmons. |
| 260 |
_aSuiza _bSkira _c1959 |
||
| 300 |
_a119 p. _bil. a color, 56 láminas _c18 cm. |
||
| 440 | 0 |
_aThe taste of our time _v7 _911973 |
|
| 500 | _aIncluye estudio cronólogico, índice de nombres y exposiciones | ||
| 504 | _aBibliografía: p. 112-113 | ||
| 600 | 1 | 4 |
_aRenoir, Auguste _d1841-1919 _911974 |
| 650 | 1 | 4 |
_aPintura francesa _vCatálogos _911975 |
| 700 | 1 |
_aEmmons, James _eTraductor _911976 |
|
| 942 |
_2lcc _cB |
||
| 999 |
_c4422 _d4422 |
||